Quiz o państwach Skandynawii - Statystyki

Ogólne statystyki
  • Ten quiz został rozwiązany 19 razy
  • Średni wynik to 13 z 24
Statystyki odpowiedzi
Pytanie Odpowiedź % Poprawnych
Stolica Norwegii Oslo
100%
Stolica Szwecji Sztokholm
100%
Stolica Danii Kopenhaga
94%
Morze które leży na południe oraz wschód od Szwecji Bałtyckie
88%
Morze które leży między Danią a Norwegią Północne
88%
Terytorium autonomiczne Danii Grenlandia
81%
Główne Półwyspy Skandynawski
75%
Popularna szwedzka marka samochodów Volvo
69%
Terytorium zależne Danii Wyspy Owcze
63%
Największa wyspa Szwecji Gotlandia
50%
Główne Półwyspy Jutlandzki
50%
Związek który zjednoczył te trzy państwa w 1397 roku Unia Kalmarska
50%
Największa wyspa Danii kontynentalnej Zelandia
50%
Zjawisko, gdy latem słońce nie zachodzi za horyzontem Dzień polarny
44%
Symbol na flagach tych państw Krzyż Nordycki
44%
Najliczniejszy odłam protestantyzmu Luteranizm
44%
Grupa języków do której należą Duński, Norweski i Szwedzki Północnogermańskie
44%
Archipelag zamieszkany przez Szwedów należący do Finlandii Wyspy Alandzkie
44%
Rdzenny lud zamieszkujący północ Skandynawii Saamowie / Lapończycy
38%
Archipelag na Oceanie Arktycznym należący do Norwegii Svalbard
38%
Cieśnina oddzielająca Danię od Szwecji Sund
31%
Podaj jedną z dwóch oficjalnych form pisanych języka norweskiego Bokmal / Nynorsk
25%
Wyspa poprzez którą Dania graniczy z Kanadą Wyspa Hansa
25%
Największa wyspa Norwegii kontynentalnej Hinnøya
13%
Nie znaleziono quizów pasujących do podanych kryteriów
Rozkład punktacji
Procent ludzi z każdym wynikiem
Percentyl według liczby udzielonych odpowiedzi
Twoja historia wyników
Nie rozwiązałeś tego quizu